[Event "WCh Women 2018"]
[Site "Khanty-Mansiysk RUS"]
[Date "2018.11.03"]
[Round "1.1"]
[White "Ushenina, Anna"]
[Black "Mkrtchian, Lilit"]
[Result "1-0"]
[WhiteTitle "GM"]
[BlackTitle "IM"]
[WhiteElo "2440"]
[BlackElo "2396"]
[WhiteFideId "14110911"]
[BlackFideId "13300601"]
[EventDate "2018.11.03"]

1. d4 d5 2. c4 c6 3. Nc3 dxc4 4. e3 b5 5. a4 b4 6. Ne4 Qd5 7. Ng3 Nf6 8. Be2
Nbd7 9. Nf3 Ba6 10. b3 e5 11. O-O Rd8 12. bxc4 Bxc4 13. e4 Bxe2 14. Qxe2 Qe6 15.
dxe5 Nxe5 16. Nxe5 Qxe5 17. Bb2 Qe6 18. Nf5 Nd7 19. Bxg7 Rg8 20. Bxf8 Nxf8 21.
Rad1 Rxd1 22. Rxd1 Rg6 23. g3 f6 24. Rd6 Qb3 25. Rxc6 Ne6 26. Rc1 Qxa4 27. Qc4
Kf7 28. Qc8 Rg5 29. h4 Rg6 30. Qb7+ 1-0

[Event "WCh Women 2018"]
[Site "Khanty-Mansiysk RUS"]
[Date "2018.11.03"]
[Round "1.1"]
[White "Tokhirjonova, Gulrukhbegim"]
[Black "Kashlinskaya, Alina"]
[Result "1-0"]
[WhiteTitle "WGM"]
[BlackTitle "IM"]
[WhiteElo "2435"]
[BlackElo "2477"]
[WhiteFideId "14203626"]
[BlackFideId "4198026"]
[EventDate "2018.11.03"]

1. e4 e5 2. Nf3 Nf6 3. Nxe5 d6 4. Nf3 Nxe4 5. Nc3 Nxc3 6. dxc3 Be7 7. Be3 Nc6 8.
Bc4 O-O 9. Qe2 Ne5 10. Nxe5 dxe5 11. Bd3 Be6 12. O-O-O Qe8 13. Kb1 f5 14. Bc4
Qf7 15. Bxe6 Qxe6 16. Qb5 b6 17. Rd5 Bd6 18. Re1 Rae8 19. Qc6 Qg6 20. Bc1 Qh5
21. Qc4 Kh8 22. h3 Qg6 23. g3 Qh5 24. Qf1 Qf3 25. Rd3 Qc6 26. Rdd1 a5 27. h4 a4
28. a3 h6 29. c4 Bc5 30. Rd5 Qf6 31. Be3 Bxe3 32. fxe3 Qg6 33. Rd7 Qxg3 34. Rxc7
f4 35. Qg1 Rd8 36. exf4 exf4 37. Rce7 Rd2 38. h5 Rg2 39. Qxb6 f3 40. Re8 Qf4 41.
Qd8 1-0

[Event "WCh Women 2018"]
[Site "Khanty-Mansiysk RUS"]
[Date "2018.11.03"]
[Round "1.1"]
[White "Atalik, Ekaterina"]
[Black "Cori T., Deysi"]
[Result "1/2-1/2"]
[WhiteTitle "IM"]
[BlackTitle "WGM"]
[WhiteElo "2445"]
[BlackElo "2406"]
[WhiteFideId "4130189"]
[BlackFideId "3801934"]
[EventDate "2018.11.03"]

1. Nf3 Nf6 2. c4 e6 3. Nc3 d5 4. d4 Be7 5. g3 O-O 6. Bg2 dxc4 7. Ne5 Nc6 8. Bxc6
bxc6 9. Nxc6 Qe8 10. Nxe7+ Qxe7 11. Qa4 c5 12. dxc5 Qxc5 13. Be3 Qh5 14. O-O-O
Nd5 15. Qa5 Bb7 16. f3 Rfe8 17. Bd2 f5 18. Bf4 a6 19. Rd2 Rac8 20. Rhd1 Qf7 21.
Be5 Re7 22. Rd4 h6 23. g4 fxg4 24. Rxg4 Qf5 25. Bd4 Ne3 26. Qxf5 exf5 27. Rxg7+
Rxg7 28. Bxe3 Kh7 29. Bf4 Re7 1/2-1/2

[Event "WCh Women 2018"]
[Site "Khanty-Mansiysk RUS"]
[Date "2018.11.03"]
[Round "1.1"]
[White "Nakhbayeva, Guliskhan"]
[Black "Galliamova, Alisa"]
[Result "1/2-1/2"]
[WhiteTitle "IM"]
[BlackTitle "IM"]
[WhiteElo "2367"]
[BlackElo "2432"]
[WhiteFideId "13704788"]
[BlackFideId "4129725"]
[EventDate "2018.11.03"]

1. d4 d5 2. c4 c6 3. Nc3 Nf6 4. e3 e6 5. Nf3 Nbd7 6. Bd3 dxc4 7. Bxc4 b5 8. Bd3
Bb7 9. O-O a6 10. e4 c5 11. d5 Qc7 12. dxe6 fxe6 13. Bc2 Bd6 14. Ng5 Nf8 15. f4
O-O-O 16. Qe2 h6 17. Nf3 Bxf4 18. a4 b4 19. e5 Bxf3 20. Rxf3 Bxe5 21. Qxa6+ Kb8
22. Qb5+ Kc8 23. Ne4 N8d7 24. a5 Ng4 25. a6 Bd4+ 26. Kf1 Qb6 27. Nd6+ Kc7 28.
Qxb6+ Kxb6 29. Nc4+ Ka7 30. Bf4 e5 31. Bg3 h5 32. h4 Rh6 33. Bd3 Rxa6 34. Rxa6+
Kxa6 35. Nxe5+ Kb6 36. Nc4+ Ka7 37. Bg6 Ndf6 38. Ke2 Rd7 39. Bd6 Kb7 40. Bf5 Rd8
41. Na5+ Kb6 42. Nc4+ Kc6 43. Bg3 Ra8 44. Bc2 Ra1 45. Rf1 Rxf1 46. Kxf1 Ne3+ 47.
Nxe3 Bxe3 48. Ke2 Bc1 49. b3 Kd5 50. Bg6 Kd4 51. Be1 c4 52. bxc4 Kxc4 53. Bf7+
Kb5 54. Kd3 Ka4 55. Kc2 Bf4 56. Bf2 Kb5 57. Bd4 Bg3 58. Bxf6 gxf6 59. Bxh5 Bxh4
60. Kb3 1/2-1/2

[Event "WCh Women 2018"]
[Site "Khanty-Mansiysk RUS"]
[Date "2018.11.03"]
[Round "1.1"]
[White "Ni, Shiqun"]
[Black "Zhukova, Natalia"]
[Result "0-1"]
[WhiteTitle "WGM"]
[BlackTitle "GM"]
[WhiteElo "2436"]
[BlackElo "2375"]
[WhiteFideId "8608466"]
[BlackFideId "14101513"]
[EventDate "2018.11.03"]

1. e4 e6 2. d4 d5 3. Nd2 c5 4. Ngf3 cxd4 5. exd5 Qxd5 6. Bc4 Qd8 7. O-O Nc6 8.
Nb3 a6 9. Nbxd4 Nxd4 10. Nxd4 Qc7 11. Bd3 Bd6 12. h3 Nf6 13. c3 O-O 14. Bg5 Nd5
15. Bc2 Be7 16. Bxe7 Nxe7 17. Qh5 g6 18. Qg5 Kg7 19. Rfe1 f6 20. Qe3 e5 21. Rad1
Re8 22. Nb3 Bf5 23. Be4 Rad8 24. Nc5 Bc8 25. Nb3 b6 26. Bf3 a5 27. Qe2 Be6 28.
Rxd8 Rxd8 29. Rd1 Rxd1+ 30. Qxd1 a4 31. Nc1 a3 32. Qd2 axb2 33. Qxb2 f5 34. Bd1
Bc4 35. Bb3 Nd5 36. Ne2 Qc5 37. Qd2 f4 38. Qc2 Nf6 39. Bxc4 Qxc4 40. Kf1 Qc6 41.
Qb2 Qd6 42. Kg1 g5 43. c4 g4 44. Qc2 h5 45. hxg4 hxg4 46. g3 f3 47. Nc3 Qd4 48.
Nd1 Ne4 49. Kh2 Kg6 50. Ne3 Kg5 51. Qc1 Kh5 52. Qe1 Qb2 53. Nxg4 Qe2 54. Qxe2
fxe2 55. Nxe5 e1=Q 56. g4+ Kh6 0-1

[Event "WCh Women 2018"]
[Site "Khanty-Mansiysk RUS"]
[Date "2018.11.03"]
[Round "1.1"]
[White "Vega Gutierrez, Sabrina"]
[Black "Bodnaruk, Anastasia"]
[Result "1/2-1/2"]
[WhiteTitle "IM"]
[BlackTitle "IM"]
[WhiteElo "2389"]
[BlackElo "2426"]
[WhiteFideId "2219026"]
[BlackFideId "4181751"]
[EventDate "2018.11.03"]

1. e4 c5 2. Nf3 d6 3. d4 Nf6 4. Nc3 cxd4 5. Nxd4 a6 6. f3 e5 7. Nb3 Be6 8. Be3
Nbd7 9. g4 Be7 10. Qd2 b5 11. g5 b4 12. Ne2 Nh5 13. Ng3 Nf4 14. Bxf4 exf4 15.
Nh5 O-O 16. h4 Ne5 17. Qf2 f6 18. Nxf4 Bxb3 19. axb3 fxg5 20. Ne6 Nxf3+ 21. Kd1
Qd7 22. Nxf8 Rxf8 23. Bc4+ Kh8 24. hxg5 Nxg5 25. Qe2 Bf6 26. Ra5 Qe7 27. Bd3
Bxb2 28. Qd2 Be5 29. Qxb4 g6 30. Rxa6 Ne6 31. Qa5 Qg5 32. Ra8 h5 33. Rf1 Rxa8
34. Qxa8+ Kg7 35. Qc8 Nf4 36. b4 Qe7 37. b5 Qa7 38. Qc4 Ng2 39. Ke2 Qe3+ 40. Kd1
Qa7 41. Ke2 Qe3+ 42. Kd1 1/2-1/2

[Event "WCh Women 2018"]
[Site "Khanty-Mansiysk RUS"]
[Date "2018.11.03"]
[Round "1.1"]
[White "Hoang, Thanh Trang"]
[Black "Danielian, Elina"]
[Result "1/2-1/2"]
[WhiteTitle "GM"]
[BlackTitle "GM"]
[WhiteElo "2448"]
[BlackElo "2426"]
[WhiteFideId "12400149"]
[BlackFideId "13300210"]
[EventDate "2018.11.03"]

1. d4 Nf6 2. Nf3 e6 3. e3 c5 4. Bd3 d5 5. b3 Nbd7 6. Bb2 b6 7. O-O Bb7 8. Nbd2
Be7 9. Ne5 O-O 10. Qf3 Rc8 11. Qh3 h6 12. Rad1 cxd4 13. exd4 Ne4 14. Nxd7 Qxd7
15. Nf3 Qc7 16. Ne5 Bd6 17. a3 Bxe5 18. dxe5 Nc5 19. Rd2 Nxd3 20. Qxd3 Qc5 21.
a4 Qb4 22. Ra1 Ba6 23. Qe3 Qg4 24. a5 bxa5 25. h3 Qg6 26. Rxa5 Bb7 27. Rxa7 d4
28. Qg3 Qxg3 29. fxg3 Be4 30. Bxd4 Rxc2 31. Rxc2 Bxc2 32. b4 Rd8 33. Bc5 Rd1+
34. Kh2 Be4 35. Ra2 Rb1 36. g4 Bd5 37. Rd2 g5 38. Be7 Rb3 39. Rc2 f5 40. exf6
Kf7 41. Rc7 e5 42. Bd8+ Ke8 43. Rc5 Rd3 44. Bc7 e4 45. Be5 e3 46. Rc8+ Kf7 47.
Rc7+ Ke8 48. Re7+ Kf8 49. Bd6 Rd2 50. Rxe3+ Kf7 51. Kg1 Rxg2+ 52. Kf1 Kxf6 53.
b5 Rc2 54. b6 Rc1+ 55. Kf2 Rb1 56. Bc5 Rb2+ 57. Ke1 Rb5 58. Bd4+ Kf7 59. Kd2 Rb4
60. Bc5 Rb5 61. Rc3 Kg6 62. Bd4 h5 63. Rc5 Rxc5 64. Bxc5 hxg4 65. hxg4 Kf6 66.
Be3 Bf3 67. Kc3 Ke6 68. Kb4 Kd7 69. Kb5 Be2+ 70. Ka5 Kc8 71. Bxg5 Kb7 1/2-1/2

[Event "WCh Women 2018"]
[Site "Khanty-Mansiysk RUS"]
[Date "2018.11.03"]
[Round "1.1"]
[White "Guseva, Marina"]
[Black "Zawadzka, Jolanta"]
[Result "1/2-1/2"]
[WhiteTitle "IM"]
[BlackTitle "WGM"]
[WhiteElo "2413"]
[BlackElo "2407"]
[WhiteFideId "4149351"]
[BlackFideId "1122320"]
[EventDate "2018.11.03"]

1. d4 d5 2. c4 e6 3. Nf3 Nf6 4. Nc3 Bb4 5. cxd5 exd5 6. Bg5 h6 7. Bxf6 Qxf6 8.
Qa4+ Nc6 9. e3 O-O 10. Be2 Be6 11. O-O a6 12. Rac1 Bd6 13. Qd1 Ne7 14. Na4 b6
15. a3 Rfb8 16. h3 Bd7 17. b4 c6 18. Rb1 Bc7 19. Re1 Nf5 20. Qc2 Nh4 21. Nxh4
Qxh4 22. Bf1 Re8 23. Nc3 Bd6 24. Qd1 Re6 25. Qg4 Qe7 26. Qh5 Kh7 27. Bd3+ g6 28.
Qd1 f5 29. Qd2 Re8 30. Rec1 b5 31. Ne2 Qf6 32. Ra1 Kh8 33. a4 R6e7 34. axb5 axb5
35. Ra6 f4 36. Nxf4 Bxf4 37. exf4 Qxd4 38. Qc3 Qxc3 39. Rxc3 Kg7 40. Ra7 Re1+
41. Kh2 R8e7 42. Bxb5 d4 43. Rc5 cxb5 44. Rcc7 d3 45. Rxd7 Kf7 46. Rxe7+ Rxe7
47. Ra1 d2 48. Rd1 Rd7 49. Kg3 Rd3+ 50. f3 Rd4 51. Kf2 Rxf4 52. Rxd2 Rxb4 53.
Rd6 1/2-1/2

[Event "WCh Women 2018"]
[Site "Khanty-Mansiysk RUS"]
[Date "2018.11.04"]
[Round "1.2"]
[White "Ju, Wenjun"]
[Black "Hardegen, Kathryn"]
[Result "1-0"]
[WhiteTitle "GM"]
[BlackTitle "WFM"]
[WhiteElo "2568"]
[BlackElo "1832"]
[WhiteFideId "8603006"]
[BlackFideId "3226778"]
[EventDate "2018.11.03"]

1. d4 d5 2. c4 c6 3. Nf3 Nf6 4. Qc2 Bg4 5. Ne5 dxc4 6. Nxg4 Nxg4 7. Qxc4 Nf6 8.
Nc3 Nbd7 9. Qb3 Qb6 10. e4 e6 11. Be3 Qxb3 12. axb3 Bb4 13. f3 O-O 14. Kf2 e5
15. dxe5 Nxe5 16. Be2 a6 17. Rhd1 h6 18. Na4 Ned7 19. Rac1 Rfe8 20. h4 h5 21. g3
Rad8 22. Nb6 Nxb6 23. Bxb6 Rxd1 24. Rxd1 Be7 25. Bc4 Bf8 26. Ke2 c5 27. Rd2 Rc8
28. e5 Re8 29. f4 Nh7 30. Rd7 Be7 31. Rxb7 Nf8 32. Bxc5 Ng6 33. b4 a5 34. Bxe7
Nxe7 35. bxa5 Rc8 36. Rxe7 Rxc4 37. a6 Ra4 38. a7 Kh7 39. Rxf7 Kg6 40. e6 Ra6
41. f5+ Kh6 42. e7 1-0

[Event "WCh Women 2018"]
[Site "Khanty-Mansiysk RUS"]
[Date "2018.11.04"]
[Round "1.2"]
[White "Toubal, Hayat"]
[Black "Koneru, Humpy"]
[Result "0-1"]
[WhiteTitle "WIM"]
[BlackTitle "GM"]
[WhiteElo "1870"]
[BlackElo "2548"]
[WhiteFideId "7901631"]
[BlackFideId "5008123"]
[EventDate "2018.11.03"]

1. d4 d5 2. Nf3 c5 3. e3 Nf6 4. Nbd2 Nbd7 5. b3 g6 6. Bd3 Bg7 7. Bb2 O-O 8. O-O
b6 9. Qe2 Bb7 10. c4 Rc8 11. Rac1 e6 12. Rfd1 Qe7 13. h3 cxd4 14. exd4 Bh6 15.
Rc3 Rfd8 16. Ne5 Nxe5 17. dxe5 Ne4 18. Bxe4 dxe4 19. Nf1 Bf4 20. Rc2 Qc5 21. Re1
Rd3 22. Qg4 Bxe5 23. Bxe5 Qxe5 24. Ng3 Rcd8 25. Rce2 f5 26. Qg5 Qg7 27. Rc2 h6
28. Qc1 R8d7 29. Qa3 Rd1 30. Rc1 Rxe1+ 31. Rxe1 Qc3 32. Rc1 Qd2 33. Nf1 Qg5 34.
c5 bxc5 35. Qxc5 f4 36. Qc4 Qd5 37. Qc2 Kh7 38. Qe2 h5 39. Qb2 Qg5 40. Kh2 Ba6
41. Qa3 Bxf1 42. Rxf1 f3 43. gxf3 Qf4+ 44. Kg2 exf3+ 45. Kh1 Qg5 46. Rg1 Rd1 0-1

[Event "WCh Women 2018"]
[Site "Khanty-Mansiysk RUS"]
[Date "2018.11.04"]
[Round "1.2"]
[White "Lagno, Kateryna"]
[Black "February, Jesse Nikki"]
[Result "1-0"]
[WhiteTitle "GM"]
[BlackTitle "WIM"]
[WhiteElo "2556"]
[BlackElo "1922"]
[WhiteFideId "14109336"]
[BlackFideId "14312336"]
[EventDate "2018.11.03"]

1. e4 c5 2. Nf3 Nc6 3. Bb5 g6 4. O-O Bg7 5. Nc3 Nh6 6. a4 O-O 7. Bc4 e6 8. d3 f6
9. Be3 b6 10. h3 Nf7 11. d4 cxd4 12. Nxd4 Nxd4 13. Bxd4 Bb7 14. Qe2 d5 15. exd5
exd5 16. Bb3 Kh8 17. Rfe1 Nd6 18. Nxd5 Re8 19. Qd3 Rxe1+ 20. Rxe1 Nf5 21. Bc3
Qd6 22. Nxf6 1-0

[Event "WCh Women 2018"]
[Site "Khanty-Mansiysk RUS"]
[Date "2018.11.04"]
[Round "1.2"]
[White "Hamid, Rani"]
[Black "Muzychuk, Anna"]
[Result "0-1"]
[WhiteTitle "WIM"]
[BlackTitle "GM"]
[WhiteElo "1935"]
[BlackElo "2564"]
[WhiteFideId "10200096"]
[BlackFideId "14111330"]
[EventDate "2018.11.03"]

1. e4 e5 2. Nf3 Nc6 3. Bb5 a6 4. Ba4 Nf6 5. O-O Be7 6. Re1 b5 7. Bb3 O-O 8. h3
Bb7 9. c3 d5 10. exd5 Nxd5 11. d3 Bf6 12. Bc2 b4 13. c4 Nde7 14. Nbd2 Nf5 15.
Nf1 Ncd4 16. Nxd4 Nxd4 17. Be3 Re8 18. Ng3 Bg5 19. Qd2 Bxe3 20. fxe3 Qg5 21. Kh2
Re6 22. Rad1 Rg6 23. Ne4 Bxe4 24. dxe4 Nf3+ 25. gxf3 Qg3+ 0-1

[Event "WCh Women 2018"]
[Site "Khanty-Mansiysk RUS"]
[Date "2018.11.04"]
[Round "1.2"]
[White "Ouellet, Maili-Jade"]
[Black "Goryachkina, Aleksandra"]
[Result "0-1"]
[WhiteTitle "WIM"]
[BlackTitle "GM"]
[WhiteElo "2125"]
[BlackElo "2534"]
[WhiteFideId "2620472"]
[BlackFideId "4147103"]
[EventDate "2018.11.03"]

1. d4 Nf6 2. c4 e6 3. Nc3 Bb4 4. e3 O-O 5. Bd3 d5 6. Nf3 dxc4 7. Bxc4 c5 8. O-O
Nc6 9. a3 Ba5 10. dxc5 Bxc3 11. bxc3 Qxd1 12. Rxd1 Na5 13. Ba2 Bd7 14. Rd4 Rfc8
15. Bb2 Rxc5 16. Rad1 Be8 17. Ne1 Nc6 18. Rc4 Rxc4 19. Bxc4 Na5 20. Ba2 Ba4 21.
Rd4 Bb3 22. Bxb3 Nxb3 23. Rb4 Na5 24. e4 b6 25. f3 Rc8 26. Kf2 Nc6 27. Rb3 Ne8
28. Ke2 Nd6 29. Nd3 f5 30. Nf2 Kf7 31. a4 Nb7 32. Nd3 Rd8 33. Bc1 fxe4 34. fxe4
Nd6 35. Nf2 e5 36. Rb1 Ke6 37. Be3 Rc8 38. Rd1 Na5 39. Kd3 Ndc4 40. Bc1 Nb3 41.
Kc2 Nc5 42. a5 Nxa5 43. Ba3 Ncb7 44. Rd3 Nc4 45. Bc1 Nc5 46. Rg3 Rc7 47. h4 Nd6
48. Re3 Na4 49. Kb3 b5 50. h5 Nc5+ 51. Ka2 Nc4 52. Rg3 Rf7 53. Rf3 Nd6 54. Be3
Ndxe4 55. Nxe4 Nxe4 56. Rxf7 Kxf7 57. Bxa7 Nxc3+ 58. Kb3 Nd5 59. Kc2 Nf6 60. h6
gxh6 61. Be3 h5 62. Bc5 Ke6 63. Kd3 Kf5 64. Bf2 Nd5 65. Ke2 e4 66. Bd4 b4 67. g3
Kg4 68. Be5 b3 69. Kd2 Kf3 0-1

[Event "WCh Women 2018"]
[Site "Khanty-Mansiysk RUS"]
[Date "2018.11.04"]
[Round "1.2"]
[White "Muzychuk, Mariya"]
[Black "Wafa, Shahenda"]
[Result "1-0"]
[WhiteTitle "GM"]
[BlackTitle "WGM"]
[WhiteElo "2545"]
[BlackElo "2145"]
[WhiteFideId "14114550"]
[BlackFideId "10609962"]
[EventDate "2018.11.03"]

1. e4 c5 2. Nf3 Nc6 3. d4 cxd4 4. Nxd4 Nf6 5. Nc3 d6 6. Bg5 e6 7. Qd2 a6 8.
O-O-O Bd7 9. f3 b5 10. Nxc6 Bxc6 11. Ne2 Be7 12. Nd4 Bb7 13. h4 h6 14. Be3 d5
15. e5 Nd7 16. f4 Bxh4 17. g4 g6 18. Bd3 Be7 19. f5 Nxe5 20. fxe6 Nxg4 21. Rdg1
Ne5 22. Bf4 Nxd3+ 23. Qxd3 Qb6 24. Be5 O-O-O 25. Bxh8 Rxh8 26. exf7 g5 27. Re1
Qd6 28. Nf5 Qf4+ 29. Kb1 Bf8 30. Qc3+ 1-0

[Event "WCh Women 2018"]
[Site "Khanty-Mansiysk RUS"]
[Date "2018.11.04"]
[Round "1.2"]
[White "Sun, Fanghui"]
[Black "Tan, Zhongyi"]
[Result "1/2-1/2"]
[WhiteTitle "WIM"]
[BlackTitle "GM"]
[WhiteElo "2183"]
[BlackElo "2513"]
[WhiteFideId "8604150"]
[BlackFideId "8603642"]
[EventDate "2018.11.03"]

1. e4 e5 2. Nf3 Nc6 3. Bb5 Nf6 4. d3 Bc5 5. O-O Nd4 6. Nxd4 Bxd4 7. c3 Bb6 8.
Qf3 c6 9. Ba4 d6 10. Bb3 Qe7 11. a4 Be6 12. Bxe6 fxe6 13. a5 Bc7 14. d4 O-O 15.
dxe5 Nd7 16. exd6 Qxd6 17. Qg3 Ne5 18. Be3 Qd3 19. Qh3 Qxe4 20. Nd2 Qg4 21. Qxg4
Nxg4 22. g3 Nxe3 23. fxe3 Rf5 24. Nc4 Rc5 25. b3 Rd5 26. Kf2 Rf8+ 27. Ke2 Rh5
28. Rh1 Rhf5 29. Rhf1 Rh5 30. Rh1 Rhf5 31. Rhf1 Rh5 1/2-1/2

[Event "WCh Women 2018"]
[Site "Khanty-Mansiysk RUS"]
[Date "2018.11.04"]
[Round "1.2"]
[White "Gunina, Valentina"]
[Black "Aliaga Fernandez, Ingrid Y"]
[Result "1/2-1/2"]
[WhiteTitle "GM"]
[BlackTitle "WIM"]
[WhiteElo "2497"]
[BlackElo "2194"]
[WhiteFideId "4167570"]
[BlackFideId "3802191"]
[EventDate "2018.11.03"]

1. d4 Nf6 2. c4 e6 3. Nf3 d5 4. g3 Be7 5. Bg2 O-O 6. O-O dxc4 7. Ne5 Nc6 8. Bxc6
bxc6 9. Nxc6 Qe8 10. Nxe7+ Qxe7 11. Qc2 c5 12. dxc5 Qxc5 13. Be3 Qc6 14. f3 Ba6
15. Nc3 Bb7 16. Qa4 Nd5 17. Qxc6 Bxc6 18. Nxd5 Bxd5 19. Rfd1 a6 20. Bd4 Rac8 21.
Bc3 Rfd8 22. Rd2 Bc6 23. Rad1 Rxd2 24. Rxd2 Kf8 25. Kf2 f6 26. e4 Ke7 27. Bb4+
Kf7 28. Ke3 Rc7 29. Rd8 e5 30. f4 Rd7 31. Rxd7+ 1/2-1/2

[Event "WCh Women 2018"]
[Site "Khanty-Mansiysk RUS"]
[Date "2018.11.04"]
[Round "1.2"]
[White "Alinasab, Mobina"]
[Black "Paehtz, Elisabeth"]
[Result "1/2-1/2"]
[WhiteTitle "WIM"]
[BlackTitle "IM"]
[WhiteElo "2236"]
[BlackElo "2495"]
[WhiteFideId "12528897"]
[BlackFideId "4641833"]
[EventDate "2018.11.03"]

1. e4 c5 2. Nf3 d6 3. d4 cxd4 4. Nxd4 Nf6 5. Nc3 a6 6. Be2 e6 7. Be3 Qc7 8. f4
Nbd7 9. Bf3 e5 10. Nb3 Be7 11. f5 b5 12. a3 Nb6 13. g4 Nc4 14. Bc1 h6 15. h4 Qb6
16. Qe2 Bb7 17. Nd2 Rc8 18. Nxc4 Rxc4 19. Bd2 d5 20. exd5 e4 21. Nxe4 Nxe4 22.
Bxe4 Bxh4+ 23. Kd1 Kd7 24. Bd3 Re8 25. Qg2 Bf6 26. Bxc4 bxc4 27. Bc3 Bg5 28. Re1
Re3 29. Rxe3 Qxe3 30. Bd2 Qb6 31. Bxg5 Qxb2 32. Rc1 hxg5 33. Qd2 Qe5 34. c3 Bxd5
35. Kc2 Kc6 36. Re1 Qb8 37. Kc1 Qd6 38. Kb2 Qb8+ 39. Ka1 Qd6 40. Qb2 Bf3 41. Rb1
Kd7 42. Ka2 Kc8 43. Qf2 Bxg4 44. Rb4 Kd8 45. Rxc4 Qd5 46. Qd4 Bf3 47. Kb2 Qxd4
48. Rxd4+ Ke7 49. Kc1 Kf6 50. Kd2 Kxf5 51. Ke3 g4 52. Rd7 Ke6 53. Ra7 f5 54.
Rxg7 Be4 55. Kf4 Kd5 56. Rc7 Bd3 57. Ke3 Bb5 58. Kf4 Bd3 59. Ke3 Bb5 60. Kf4 Bd3 1/2-1/2

[Event "WCh Women 2018"]
[Site "Khanty-Mansiysk RUS"]
[Date "2018.11.04"]
[Round "1.2"]
[White "Dzagnidze, Nana"]
[Black "Miranda Llanes, Yerisbel"]
[Result "1-0"]
[WhiteTitle "GM"]
[BlackTitle "WIM"]
[WhiteElo "2516"]
[BlackElo "2267"]
[WhiteFideId "13601903"]
[BlackFideId "3507700"]
[EventDate "2018.11.03"]

1. d4 Nf6 2. c4 e6 3. Nc3 Bb4 4. Qc2 O-O 5. a3 Bxc3+ 6. Qxc3 Ne4 7. Qc2 f5 8. g3
b6 9. Bg2 Bb7 10. Nf3 Nc6 11. O-O a5 12. b3 d6 13. Bb2 Qe7 14. Rad1 Rae8 15. Nd2
d5 16. Nxe4 dxe4 17. f3 e5 18. d5 exf3 19. exf3 Nb8 20. Qc3 Nd7 21. Rfe1 c6 22.
b4 cxd5 23. cxd5 Ba6 24. bxa5 Qc5+ 25. Qxc5 bxc5 26. Bf1 Bxf1 27. Kxf1 e4 28.
Bc3 f4 29. Rxe4 fxg3 30. Rxe8 Rxe8 31. hxg3 Re3 32. Rc1 Rxf3+ 33. Kg2 Rf8 34.
Rb1 Rb8 35. Rxb8+ Nxb8 36. Kf3 Kf7 37. Ke4 g6 38. Be5 Nd7 39. a6 Nb6 40. a7 Ke7
41. a4 Kd7 42. a5 Na8 43. Kd3 Kc8 44. Kc4 1-0

[Event "WCh Women 2018"]
[Site "Khanty-Mansiysk RUS"]
[Date "2018.11.04"]
[Round "1.2"]
[White "Khukhashvili, Sopiko"]
[Black "Harika, Dronavalli"]
[Result "1/2-1/2"]
[WhiteTitle "IM"]
[BlackTitle "GM"]
[WhiteElo "2316"]
[BlackElo "2498"]
[WhiteFideId "13602055"]
[BlackFideId "5015197"]
[EventDate "2018.11.03"]

1. e4 e5 2. Nf3 Nf6 3. d3 Nc6 4. Be2 d5 5. Nbd2 Bc5 6. O-O O-O 7. c3 a5 8. a4
Re8 9. Qc2 h6 10. h3 Ba7 11. Re1 Be6 12. Nf1 Nh5 13. Nxe5 Nxe5 14. d4 Qh4 15.
Bxh5 Qxh5 16. dxe5 Qxe5 17. Be3 Qxe4 18. Qxe4 dxe4 19. Bxa7 Rxa7 20. Rxe4 Rd8
21. Re2 Ra6 22. Nd2 Rad6 23. Nf3 c5 24. Re5 b6 25. Ree1 f6 26. Kh2 Kf7 27. Kg3
Rd3 28. Re2 Bb3 29. Ra3 Bc4 30. Re4 Bd5 31. Re2 g5 32. Rd2 Bxf3 33. Rxd3 Rxd3
34. gxf3 c4 35. Ra1 Rd2 36. Rb1 Rc2 37. Rd1 Rxb2 38. Rd4 b5 39. axb5 Rxb5 40.
Rxc4 Rb7 41. f4 Ra7 42. Ra4 Ke6 43. fxg5 fxg5 44. Kg4 Kd5 45. Kf5 Ra6 46. f4
gxf4 47. Kxf4 Kc5 48. Ke3 Kb5 49. Rf4 a4 50. Kd3 a3 51. Rf5+ Ka4 52. Kc2 Rb6 53.
Rf4+ Ka5 54. Rf5+ Ka4 55. Rf4+ Ka5 56. Rf5+ Ka6 57. Rf8 Rb2+ 58. Kc1 Rh2 59.
Ra8+ Kb5 60. Rxa3 Kc4 1/2-1/2

[Event "WCh Women 2018"]
[Site "Khanty-Mansiysk RUS"]
[Date "2018.11.04"]
[Round "1.2"]
[White "Stefanova, Antoaneta"]
[Black "Foisor, Sabina-Francesca"]
[Result "1/2-1/2"]
[WhiteTitle "GM"]
[BlackTitle "WGM"]
[WhiteElo "2490"]
[BlackElo "2264"]
[WhiteFideId "2902257"]
[BlackFideId "1212915"]
[EventDate "2018.11.03"]

1. Nf3 Nf6 2. g3 d5 3. Bg2 Bf5 4. O-O c6 5. d3 h6 6. Nbd2 e6 7. Qe1 Be7 8. e4
Bh7 9. Qe2 Na6 10. Kh1 O-O 11. Ne1 c5 12. f4 Nb4 13. g4 Kh8 14. g5 Ng8 15. a3
Nc6 16. exd5 Nd4 17. Qh5 Bg6 18. Qh4 exd5 19. Ndf3 Nf5 20. Qg4 h5 21. Qh3 f6 22.
Bd2 Qb6 23. b3 Rae8 24. Ng1 fxg5 25. fxg5 Qe6 26. Nef3 Bd6 27. Rae1 Qc8 28. Rxe8
Bxe8 29. Nh4 Nge7 30. g6 Kg8 31. Nxf5 Rxf5 32. Rxf5 Qxf5 33. Qxf5 Nxf5 34. Bxd5+
Kf8 35. Ne2 b6 36. Nf4 Ke7 37. Nxh5 Bxg6 38. Nf4 Bxf4 39. Bxf4 Nd4 40. c3 Nb5
41. Be5 Nxa3 42. Bxg7 Bxd3 43. h4 c4 44. b4 a5 45. bxa5 bxa5 46. h5 Bh7 47. h6
Kd6 48. Bf7 Ke7 49. Bd5 Kd6 50. Bf7 Ke7 51. Bd5 1/2-1/2

[Event "WCh Women 2018"]
[Site "Khanty-Mansiysk RUS"]
[Date "2018.11.04"]
[Round "1.2"]
[White "Abdumalik, Zhansaya"]
[Black "Padmini, Rout"]
[Result "1/2-1/2"]
[WhiteTitle "IM"]
[BlackTitle "IM"]
[WhiteElo "2473"]
[BlackElo "2341"]
[WhiteFideId "13703544"]
[BlackFideId "5029295"]
[EventDate "2018.11.03"]

1. e4 e5 2. Nf3 Nc6 3. Bb5 Nf6 4. d3 Bc5 5. c3 d5 6. Nbd2 dxe4 7. dxe4 O-O 8.
O-O Qe7 9. Qe2 a5 10. Ba4 Nb8 11. Nc4 Nbd7 12. Ne3 Bxe3 13. Qxe3 Nc5 14. Bc2 a4
15. Re1 b6 16. Nh4 Re8 17. Qf3 h6 18. h3 Nh7 19. Qg3 Qf6 20. Be3 Ne6 21. Nf5 Kh8
22. h4 h5 23. Qh2 Nhf8 24. Ng3 Ng6 25. Nxh5 Qxh4 26. Qxh4 Nxh4 27. f3 Kg8 28.
Kf2 Ng6 29. g3 Nc5 30. b4 axb3 31. axb3 Bd7 32. Red1 Bc6 33. c4 Rxa1 34. Rxa1
Ra8 35. Rxa8+ Bxa8 36. b4 Nd7 37. Ke2 c5 38. bxc5 Nxc5 39. g4 Nf8 40. Ng3 g6 41.
Kd2 Nfe6 42. Ne2 Kf8 43. Nc3 Ke7 44. Bf2 g5 45. Be3 f6 46. Ne2 Bc6 47. Kc3 Kd6
48. Ng3 Kc7 49. Nf5 Nd7 50. Kb4 Nec5 51. Ne7 Na6+ 52. Ka3 Nac5 53. Kb4 Na6+ 54.
Kc3 Nac5 55. Nf5 Na6 56. Bc1 Nac5 57. Ba3 Bb7 58. Bb4 Bc6 59. Ne3 Bb7 60. Kd2
Bc6 61. Nd1 Bb7 62. Nc3 Bc6 63. Ke3 Bb7 64. Nd5+ Kd6 65. Ba4 Bc6 66. Bb5 Bxd5
67. exd5 Nf8 68. Bxc5+ bxc5 69. Be8 Ke7 70. Bh5 Nd7 71. Bg6 Nb6 72. Kd3 Nc8 73.
Kc3 Nd6 74. Kb3 Kd7 75. Ka4 Kc7 76. Bd3 1/2-1/2